Portfólió

Elmentve itt :
Bibliográfiai részletek
Szerző: Hugyecz Eszter
További közreműködők: Csapó Benő (Témavezető)
Nagy Adrienn (Témavezető)
Varga Edit (Témavezető)
Dokumentumtípus: Szakdolgozat
Megjelent: 2011
Tárgyszavak:
Online Access:http://diploma.bibl.u-szeged.hu/138246
LEADER 00719nta a2200217 i 4500
001 dipl138246
005 20240208152748.0
008 240205s2011 hu om 000 hun d
040 |a SZTE Diploma Repozitórium  |b hun 
041 |a hun 
100 1 |a Hugyecz Eszter 
245 1 0 |a Portfólió  |h [elektronikus dokumentum] /  |c Eszter Hugyecz 
260 |c 2011 
650 4 |a Pedagógusképzés 
650 4 |a Social sciences 
650 4 |a Educational sciences 
650 4 |a Education, general (including training, pedagogy, didactics) 
700 0 1 |a Csapó Benő  |e ths 
700 0 1 |a Nagy Adrienn  |e ths 
700 0 1 |a Varga Edit  |e ths 
856 4 0 |u https://diploma.bibl.u-szeged.hu/id/eprint/138246/1/2011_hugyecz_eszter.pdf  |z Dokumentum-elérés